| 000 | 01081nabaa22002057a 4500 | ||
|---|---|---|---|
| 999 |
_c6129 _d6129 |
||
| 003 | OSt | ||
| 005 | 20260122220354.0 | ||
| 008 | 190701b xxu||||| |||| 00| 0 spa d | ||
| 040 | _cPJ | ||
| 100 |
_96891 _aAzzarri, Juan Cruz |
||
| 245 | 1 | 3 |
_aEl principio de la separación de poderes inserto en la Constitución nacional y el artículo 109 / _cJuan Cruz Azzarri. |
| 300 | _ap. 88-98 | ||
| 505 | _aSumario: I. Introducción.— II. ¿Cuál es el contenido de la teoría de la división de poderes?— III. ¿Cuál es la normativa constitucional argentina que recepta este principio?— IV. ¿Cuáles fueron los antecedentes y causas de la recepción de este principio en nuestra Constitución nacional?. | ||
| 505 | _t¿Te interesa el texto completo? Comunicate al correo: koha@justierradelfuego.gov.ar | ||
| 650 | 0 |
_9211 _aDERECHO ADMINISTRATIVO |
|
| 650 | 0 |
_9766 _aCONSTITUCION NACIONAL |
|
| 650 | 0 |
_9927 _aDIVISION DE PODERES |
|
| 773 | 0 |
_02842 _93251 _dBuenos Aires : AbeledoPerrot, 2012- _oDA121 _tDerecho administrativo. Nº 148 julio/agosto 2023 _z18510590 |
|
| 942 |
_2udc _cANA |
||